000 00402nam a2200133Ia 4500
008 231129s2002||||xx |||||||||||||| ||spa||
020 _a958-9003-85-0
082 _aGOR- 272
100 _aEckert Georg y Trimborn Hermann
245 0 _aGuerreros y caní­bales del valle del Cauca
260 _c2002
264 _aBogotá: Banco Popular 2002
942 _2ddc
_cBKS
999 _c14700
_d14700